Flooding (Record no. 121269)
[ view plain ]
| 000 -LEADER | |
|---|---|
| fixed length control field | 01175nam a22002537a 4500 |
| 008 - FIXED-LENGTH DATA ELEMENTS--GENERAL INFORMATION | |
| fixed length control field | 151222s2022 xxk|||||o|||| 00| 0 eng d |
| 041 ## - LANGUAGE CODE | |
| Language code of text/sound track or separate title | eng |
| 110 ## - MAIN ENTRY--CORPORATE NAME | |
| Corporate author | Royal Institution of Chartered Surveyors |
| 245 ## - TITLE STATEMENT | |
| Title | Flooding |
| Subtitle | A clear impartial guide |
| Medium | [Electronic resource] |
| 260 ## - PUBLICATION INFORMATION | |
| Place of publication | London, |
| Publisher | Royal Institution of Chartered Surveyors, |
| Date | 15 December 2022 |
| 300 ## - PHYSICAL DESCRIPTION | |
| Physical description | 18p. |
| 490 ## - SERIES TITLE | |
| Series statement | RICS Consumer Guide |
| 500 ## - GENERAL NOTE | |
| General note | Replaces a copy published in 2010 |
| 520 ## - ABSTRACT | |
| Abstract | The publication is a detailed and accessible guide for home owners, helping them amongst other things to identify flood risks to their property. Other topics include:Checking if a property is at risk of flooding; Preparing for a flood; Creating a flood emergency plan; Recovery and what happens after the flood. |
| 650 ## - KEYWORDS | |
| Keywords | FLOODING |
| 650 ## - KEYWORDS | |
| Keywords | ENVIRONMENTAL |
| 650 ## - KEYWORDS | |
| Keywords | LAND |
| 651 ## - SUBJECT ADDED ENTRY--GEOGRAPHIC NAME | |
| Geographic name | United Kingdom |
| 690 ## - BROAD SUBJECT | |
| 9 (RLIN) | 6238 |
| Broad subject | Environment |
| 690 ## - BROAD SUBJECT | |
| 9 (RLIN) | 6266 |
| Broad subject | Residential property |
| 710 ## - ADDED CORPORATE NAME | |
| Added corporate author | Royal Institution of Chartered Surveyors |
| 856 ## - ONLINE RESOURCE | |
| Uniform Resource Identifier | <a href="https://www.ricsfirms.com/media/1185/rics-consumer-guide-flooding.pdf">https://www.ricsfirms.com/media/1185/rics-consumer-guide-flooding.pdf</a> |
| Public note | Available on rics.org/consumerguides |
| 942 ## - ADDED ENTRY ELEMENTS (KOHA) | |
| Suppress in OPAC | Do not suppress in OPAC |
| Lost status | Damaged status | Not for loan | Home library | Current library | Date acquired | Total Checkouts | Date last seen | Price effective from | Koha item type |
|---|---|---|---|---|---|---|---|---|---|
| Virtual | Virtual | 15/12/2022 | 15/12/2022 | 15/12/2022 | Online material |